00237 a2200109 4500001000700000020000600007040001100013100002300024240003800047245003300085362000900118162906 a  cMagnum aParramon, Josep M.10aMi primera visita al aviariolESP10aMi primera visita al aviario0 a1899